00744nam a2200253 a 4500001001300000003000900013005001700022008004100039020000900080082001800089100001800107245005100125260004300176300000900219500003500228505001000263650002500273650002700298700001800325902000800343942000700351952011700358999001500475nice12345678IN_TiNIC20260116012815.0050524s1984 dela grp 000 0 eng  ac6000a954.0072bAMB aAmbastha, B P aNon-Persian Sources on Indian Medieval History aDelhibIdarah-I Adabiyat-I Dellic1984 a132p aincludes index and biblioraphy2 aIndex aIndia-Historiography aIndia-History Mideaval1 aAmbastha, B P bSRS cBK 001040708StackRoom-aHMIbHMId2007-04-03g60.00l0o954.0072 AMBp012419r2007-04-03v60.00w2005-05-24yBK c8452d8452